| 000 | 00566nam a2200205 a 4500 | ||
|---|---|---|---|
| 005 | 20140310183310.0 | ||
| 008 | 051020s19uu xx 00 eng d | ||
| 020 | _a0761943293 | ||
| 050 |
_aPN 4775 _b.P28 2005 |
||
| 100 | _aPape, Susan | ||
| 245 |
_aNewspaper journalism : _ba practical introduction / _cSusan Pape & Sue Featherstone. |
||
| 260 |
_aLondon : _bSage Pub. Ltd, _c2005. |
||
| 300 |
_a222 p. : _c24 cm. |
||
| 521 | _aMC | ||
| 650 | _aJournalism. | ||
| 650 | _aNewspaper. | ||
| 700 | _aFeatherstone, Sue | ||
| 942 |
_cBK _2lcc _kFOR |
||
| 999 |
_c21147 _d21147 |
||